| 000 | 01841cam a22003851i 4500 | ||
|---|---|---|---|
| 003 | SA-RiAUC | ||
| 005 | 20250817070006.0 | ||
| 008 | 250806s1984 mr g b 001r0 ara c | ||
| 040 |
_aSA-RiAUC _bara _cSA-RiAUC _erda |
||
| 082 | 0 | 4 |
_a257.1 _qSA-RiAUC |
| 090 |
_a257.1 _bا ب ن ر |
||
| 100 | 1 |
_aابن رضوان، عبد الله بن يوسف، _d718-782 هجري _eمؤلف. |
|
| 245 | 1 | 2 |
_aالشهب اللامعة في السياسة النافعة / _cأبو القاسم بن رضوان المالقي ؛ تحقيق علي سامي النشار. |
| 250 | _aالطبعة الأولى. | ||
| 264 | 1 |
_aالدار البيضاء، المغرب : _bدار الثقافة للنشر والتوزيع، _c1984 |
|
| 300 |
_a463 صفحة ؛ _c24 سم |
||
| 336 |
_aنص _btxt _2rdacontent _3كتاب |
||
| 337 |
_aبدون وسيط _bn _2rdamedia |
||
| 338 |
_aمجلد _bnc _2rdacarrier |
||
| 500 | _aيشتمل على كشافات. | ||
| 500 | _aغلاف. | ||
| 500 | _aيشتمل على فهارس. | ||
| 504 | _aيشتمل على إرجاعات ببليوجرافية. | ||
| 650 | 7 |
_aالإسلام والسياسة _2aucsh |
|
| 650 | 7 |
_aالنظام السياسي في الإسلام _2aucsh |
|
| 651 | 7 |
_aالأندلس _xتاريخ إسلامي _2aucsh |
|
| 651 | 7 |
_aالأندلس _xسياسة وحكومة _2aucsh |
|
| 651 | 7 |
_aالمغرب _xسياسة وحكومة _2aucsh |
|
| 651 | 7 |
_aالمغرب _xتاريخ _yعصر صدر الإسلام، 610-661 _2aucsh |
|
| 700 | 1 |
_aالنشار، علي سامي، _d1917-1980 _eمحقق. |
|
| 700 | 1 | 2 |
_iتحقيق لـ : _aبن رضوان، عبد الله بن يوسف، _d718-782 هجري. _tالشهب اللامعة في السياسة النافعة |
| 942 |
_2ddc _cBOOK _n0 |
||
| 949 |
_aSA-JeALM _d250806 _umohamedma123 _n1 |
||
| 999 |
_c10886 _d10886 |
||